Halálozás
Správa o úmrtí Júliusa Fröhlicha st. 7. septembra 1898 v obci Vŕbnica, kde bol statkárom. Menovaný pôsobil ako hlavný správca Andrášiovcov a zúčastňoval sa verejných záležitostí. Smútočné oznámenie rodiny - s prehľadom rodinných príslušníkov
| Médium: | Článok |
|---|---|
| Jazyk: | Slovak Hungarian |
| Témy: | |
| Zdroj: |
1. Felső-Zemplén 1. Roč. 3, č. 37 (8.09.1898), s. 3 |
| LEADER | 01208nab#a2200349#ar4500 | ||
|---|---|---|---|
| 001 | 000105521 | ||
| 003 | SVKKK | ||
| 005 | 20110726074149.0 | ||
| 008 | 110121d1898 xo |||||||||||||||b|slo | ||
| FMT | |||
| 038 | |a SVKKK | ||
| 040 | |a SVKKK |b slo |e AACR2 | ||
| 041 | 0 | |a hun | |
| 044 | |a xo |c SK | ||
| 080 | |a 393 |2 1997 | ||
| 080 | |a 929 Fröhlich, Július st. |2 1997 | ||
| 242 | 1 | 0 | |a Úmrtie |y slo |
| 245 | 1 | 0 | |a Halálozás |
| 500 | |a Popis z mikrofilmu | ||
| 520 | 2 | |a Správa o úmrtí Júliusa Fröhlicha st. 7. septembra 1898 v obci Vŕbnica, kde bol statkárom. Menovaný pôsobil ako hlavný správca Andrášiovcov a zúčastňoval sa verejných záležitostí. Smútočné oznámenie rodiny - s prehľadom rodinných príslušníkov | |
| 600 | 1 | 4 | |a Fröhlich, Július st. |d 1814-1898 |x statkár, správca panstva |z Vŕbnica (Slovensko) |x pôsobenie |
| 650 | 0 | 4 | |a úmrtie |z Vŕbnica (Slovensko) |y 1898 |
| 655 | 4 | |a hungariká | |
| 773 | 0 | |t Felső-Zemplén |g Roč. 3, č. 37 (8.09.1898), s. 3 | |
| 957 | |a Vŕbnica | ||
| 958 | |a DG | ||
| 958 | |a HU | ||
| 992 | |a RBX | ||
| 997 | |a Fröhlich, Gyula id. p. Fröhlich, Július st. |d Füzessér p. Vŕbnica | ||
| BAS | |||
| 852 | |a SVKKK |b BIB | ||
| 998 | |a RETRO | ||